[Event "Sarajevo Bosna op 48th"]
[Site "Sarajevo"]
[Date "2018.05.06"]
[Round "2"]
[White "Strinic, Hamdija"]
[Black "Halilovic, Fahrudin"]
[Result "0-1"]
[WhiteElo "1747"]
[BlackElo "2035"]
[PlyCount "78"]
[EventDate "2018.05.05"]
[EventType "swiss"]
[EventRounds "9"]
[EventCountry "BIH"]
[SourceTitle "CBM 184 Extra"]
[Source "ChessBase"]
[SourceDate "2018.06.28"]
[SourceVersion "1"]
[SourceVersionDate "2018.06.28"]
[SourceQuality "1"]

1. e4 e5 2. Nf3 Nc6 3. Nc3 Nf6 4. Bb5 Bc5 5. h3 d6 6. a3 a6 7. Ba4 0-0 8. d3 Nd4 9. Be3 b5 10. Bb3 Nxb3 11. cxb3 Bxe3 12. fxe3 c5 13. 0-0 Bb7 14. Qe1 Rc8 15. Qh4 h6 16. Rae1 b4 17. Ne2 bxa3 18. bxa3 Qb6 19. Ng3 Qd8 20. Nf5 Kh8 21. Nxh6 gxh6 22. Qxh6+ Nh7 23. h4 Qf6 24. Qxf6+ Nxf6 25. Ng5 Kg7 26. Rf3 Nh7 27. Nh3 Rb8 28. Rg3+ Kh8 29. Rf3 Bc8 30. Rb1 a5 31. Ng5 Nxg5 32. hxg5 Be6 33. Kf2 Rxb3 34. Rh1+ Kg7 35. Rf6 Rxd3 36. Rf1 Rd2+ 37. Kg3 c4 38. Rb1 c3 39. Rb7 c2 0-1

[Event "Sarajevo Bosna op 47th"]
[Site "Sarajevo"]
[Date "2017.05.19"]
[Round "9"]
[White "Strinic, Hamdija"]
[Black "Zenelaj, Fisnik"]
[Result "1/2-1/2"]
[WhiteElo "1749"]
[BlackElo "1919"]
[PlyCount "81"]
[EventDate "2017.05.13"]
[EventType "swiss"]
[EventRounds "9"]
[EventCountry "BIH"]
[SourceTitle "CBM 178 Extra"]
[Source "ChessBase"]
[SourceDate "2017.06.22"]
[SourceVersion "1"]
[SourceVersionDate "2017.06.22"]
[SourceQuality "1"]

1. c4 e5 2. d3 Nf6 3. g3 Bc5 4. Bg2 0-0 5. Nh3 h6 6. 0-0 c6 7. Kh1 d5 8. f4 exf4 9. Bxf4 Bg4 10. Nc3 dxc4 11. dxc4 Nbd7 12. Qc1 Kh7 13. Qc2+ Kg8 14. Rad1 Qc8 15. Nf2 Bxf2 16. Rxf2 Re8 17. Rdf1 Bh5 18. Bh3 Bg4 19. Bg2 Bh5 20. Bd6 Bg6 21. e4 Ng4 22. Rf3 Nde5 23. Bxe5 Nxe5 24. Rf4 Nxc4 25. Qf2 Ne5 26. Qe2 Qe6 27. h4 h5 28. Kh2 Rad8 29. Bh3 Qc4 30. Qxc4 Nxc4 31. Bf5 Ne3 32. R1f3 Rd2+ 33. Kg1 Bxf5 34. Rxe3 Bg4 35. Rf2 Red8 36. b3 Rxf2 37. Kxf2 Rd2+ 38. Ke1 Rd4 39. Kf2 b5 40. Re1 Rd2+ 41. Ke3 1/2-1/2

[Event "Sarajevo Bosna op 47th"]
[Site "Sarajevo"]
[Date "2017.05.18"]
[Round "8"]
[White "Schettler, Juergen"]
[Black "Strinic, Hamdija"]
[Result "1-0"]
[WhiteElo "2111"]
[BlackElo "1749"]
[PlyCount "61"]
[EventDate "2017.05.13"]
[EventType "swiss"]
[EventRounds "9"]
[EventCountry "BIH"]
[SourceTitle "CBM 178 Extra"]
[Source "ChessBase"]
[SourceDate "2017.06.22"]
[SourceVersion "1"]
[SourceVersionDate "2017.06.22"]
[SourceQuality "1"]

1. Nf3 d5 2. g3 Bg4 3. Bg2 Nd7 4. d3 Ngf6 5. h3 Bf5 6. Nh4 Bg6 7. Nxg6 hxg6 8. e4 e6 9. Qe2 Be7 10. e5 Nh7 11. h4 c6 12. c3 Qc7 13. d4 0-0-0 14. b4 Rde8 15. f4 f6 16. Be3 g5 17. hxg5 fxg5 18. Qd3 gxf4 19. gxf4 Ndf8 20. Nd2 Bd8 21. Bf3 g6 22. Ke2 Qf7 23. Bg4 Kb8 24. a4 Be7 25. b5 Rc8 26. c4 Rc7 27. bxc6 Rxc6 28. cxd5 exd5 29. Rhc1 Ne6 30. Rxc6 bxc6 31. Rb1+ 1-0

[Event "Sarajevo Bosna op 47th"]
[Site "Sarajevo"]
[Date "2017.05.15"]
[Round "4"]
[White "Mrndjic, Muamer"]
[Black "Strinic, Hamdija"]
[Result "1-0"]
[WhiteElo "2199"]
[BlackElo "1749"]
[PlyCount "71"]
[EventDate "2017.05.13"]
[EventType "swiss"]
[EventRounds "9"]
[EventCountry "BIH"]
[SourceTitle "CBM 178 Extra"]
[Source "ChessBase"]
[SourceDate "2017.06.22"]
[SourceVersion "1"]
[SourceVersionDate "2017.06.22"]
[SourceQuality "1"]

1. d4 Nf6 2. c4 g6 3. Nc3 Bg7 4. e4 d6 5. Nf3 0-0 6. h3 Nbd7 7. Be3 c5 8. d5 Nh5 9. Be2 a6 10. 0-0 b6 11. Ne1 Nhf6 12. f4 h6 13. Nf3 Nh7 14. Qe1 f5 15. Bd3 Ndf6 16. exf5 Bxf5 17. Bxf5 gxf5 18. Nh4 Nh5 19. g4 fxg4 20. hxg4 N5f6 21. Qg3 Qd7 22. f5 Ng5 23. Bxg5 hxg5 24. Ng6 Rf7 25. a4 Qe8 26. Rae1 Nd7 27. Ne4 Bf6 28. Nxd6 Qb8 29. Ne4 Bd4+ 30. Kg2 Qxg3+ 31. Kxg3 Bxb2 32. Nxg5 Bf6 33. Rh1 Bxg5 34. Rh8+ Kg7 35. Rxa8 Kf6 36. Rd8 1-0

[Event "Sarajevo Bosna op 47th"]
[Site "Sarajevo"]
[Date "2017.05.14"]
[Round "3"]
[White "Strinic, Hamdija"]
[Black "Zaloznik S, Gal"]
[Result "1-0"]
[WhiteElo "1749"]
[BlackElo "1015"]
[PlyCount "75"]
[EventDate "2017.05.13"]
[EventType "swiss"]
[EventRounds "9"]
[EventCountry "BIH"]
[SourceTitle "CBM 178 Extra"]
[Source "ChessBase"]
[SourceDate "2017.06.22"]
[SourceVersion "1"]
[SourceVersionDate "2017.06.22"]
[SourceQuality "1"]

1. e4 e5 2. Nf3 Nc6 3. Bc4 Bc5 4. c3 Nf6 5. Qe2 d6 6. h3 Be6 7. Bb5 Bd7 8. Ba4 Ne7 9. Bc2 Ng6 10. d3 h6 11. a4 a6 12. 0-0 Nf4 13. Bxf4 exf4 14. d4 Ba7 15. e5 dxe5 16. Qxe5+ Kf8 17. Qxf4 c6 18. Ne5 Bb8 19. Rd1 Kg8 20. Nd2 Be6 21. Ndf3 Nd5 22. Qe4 Ne7 23. Qe2 Nd5 24. Re1 Nf4 25. Qe4 Qf6 26. Ng4 Qd8 27. c4 Bc7 28. b3 f5 29. Qe3 fxg4 30. Ne5 Qf6 31. hxg4 Bxe5 32. Qxe5 Qxe5 33. Rxe5 Kf7 34. g3 Bxg4 35. gxf4 Rae8 36. Rae1 h5 37. Rxe8 Rxe8 38. Bg6+ 1-0

[Event "Sarajevo Bosna op 46th"]
[Site "Sarajevo"]
[Date "2016.05.30"]
[Round "4"]
[White "Strinic, Hamdija"]
[Black "Zlobec, Srdjan"]
[Result "0-1"]
[WhiteElo "1689"]
[BlackElo "2062"]
[PlyCount "80"]
[EventDate "2016.05.28"]
[EventType "swiss"]
[EventRounds "9"]
[EventCountry "BIH"]
[SourceTitle "EXT 2019"]
[Source "ChessBase"]
[SourceDate "2018.10.10"]
[SourceVersion "1"]
[SourceVersionDate "2018.10.10"]
[SourceQuality "1"]

1. c4 Nf6 2. Nc3 g6 3. d4 Bg7 4. Nf3 0-0 5. Bg5 d6 6. e3 c5 7. Qd2 Nc6 8. d5 Na5 9. Bd3 a6 10. h3 Rb8 11. 0-0 Bd7 12. Rab1 b5 13. b3 Qc7 14. Rfc1 bxc4 15. bxc4 Rb4 16. Rxb4 cxb4 17. Ne2 Rb8 18. Ned4 Ba4 19. e4 Nd7 20. Bh6 Bh8 21. Nf5 Nc5 22. Bb1 Bf6 23. Bg5 gxf5 24. Bxf6 exf6 25. Qh6 Qe7 26. e5 fxe5 27. Bxf5 f6 28. Re1 Qg7 29. Qh4 Bd7 30. Bc2 f5 31. Re3 f4 32. Re1 Rf8 33. Ng5 Bf5 34. Bxf5 Rxf5 35. Ne4 Nxe4 36. Qd8+ Rf8 37. Qxa5 f3 38. g4 Nf6 39. Kh1 Qh6 40. Kh2 Nxg4+ 0-1

[Event "Sarajevo Bosna op 46th"]
[Site "Sarajevo"]
[Date "2016.05.28"]
[Round "1"]
[White "Maksimovic, Bojan"]
[Black "Strinic, Hamdija"]
[Result "1-0"]
[WhiteElo "2161"]
[BlackElo "1689"]
[PlyCount "107"]
[EventDate "2016.05.28"]
[EventType "swiss"]
[EventRounds "9"]
[EventCountry "BIH"]
[SourceTitle "EXT 2019"]
[Source "ChessBase"]
[SourceDate "2018.10.10"]
[SourceVersion "1"]
[SourceVersionDate "2018.10.10"]
[SourceQuality "1"]

1. e4 e5 2. Nf3 Nc6 3. Bb5 Nf6 4. 0-0 Be7 5. Re1 Nd4 6. Nxd4 exd4 7. e5 Nd5 8. Qg4 0-0 9. Qxd4 c6 10. Bc4 Nb6 11. Bb3 d5 12. exd6 Bxd6 13. Qe4 Qf6 14. d3 Bd7 15. Be3 Rae8 16. Qf3 Qg6 17. h3 Kh8 18. Nd2 f5 19. Bf4 Bc5 20. c3 Nd5 21. Bxd5 cxd5 22. d4 Bd6 23. Qg3 Bxf4 24. Qxf4 h6 25. Re5 Rxe5 26. dxe5 Qb6 27. Nb3 a5 28. Qd4 Qc7 29. Qxd5 f4 30. Qd6 Qc8 31. Rd1 Bc6 32. Nc5 Qf5 33. Ne6 Re8 34. Nd4 Qh5 35. Nxc6 bxc6 36. Rd3 Rxe5 37. Qf8+ Kh7 38. Qxf4 Re6 39. Kh2 Qg6 40. Rg3 Qb1 41. Qf7 Rg6 42. Rxg6 Qxg6 43. Qxg6+ Kxg6 44. g4 Kf6 45. Kg3 Ke5 46. Kf3 Kd5 47. Ke3 a4 48. f4 Kc4 49. Kd2 Kd5 50. Kd3 c5 51. c4+ Ke6 52. b3 a3 53. Kc3 h5 54. b4 1-0

[Event "Sarajevo Bosna op 45th"]
[Site "Sarajevo"]
[Date "2015.06.02"]
[Round "5"]
[White "Strinic, Hamdija"]
[Black "Can, Isil"]
[Result "0-1"]
[WhiteElo "1690"]
[BlackElo "1692"]
[PlyCount "38"]
[EventDate "2015.05.30"]
[EventType "swiss"]
[EventRounds "9"]
[EventCountry "BIH"]
[SourceTitle "CBM 166 Extra"]
[Source "ChessBase"]
[SourceDate "2015.06.18"]
[SourceVersion "1"]
[SourceVersionDate "2015.06.18"]
[SourceQuality "1"]

1. e4 e5 2. g3 Nf6 3. Bg2 Bc5 4. Ne2 Nc6 5. 0-0 0-0 6. d3 d6 7. c3 Bg4 8. b4 Bb6 9. b5 Ne7 10. Kh1 h6 11. Be3 Qd7 12. Bxb6 axb6 13. f4 exf4 14. gxf4 Qxb5 15. h3 Qh5 16. Rf2 Bxh3 17. Bf3 Bg4+ 18. Kg2 Qh3+ 19. Kg1 Bxf3 0-1

[Event "Sarajevo Bosna op 45th"]
[Site "Sarajevo"]
[Date "2015.05.31"]
[Round "3"]
[White "Alic, Amir"]
[Black "Strinic, Hamdija"]
[Result "1-0"]
[WhiteElo "1964"]
[BlackElo "1690"]
[PlyCount "143"]
[EventDate "2015.05.30"]
[EventType "swiss"]
[EventRounds "9"]
[EventCountry "BIH"]
[SourceTitle "CBM 166 Extra"]
[Source "ChessBase"]
[SourceDate "2015.06.18"]
[SourceVersion "1"]
[SourceVersionDate "2015.06.18"]
[SourceQuality "1"]

1. d4 f5 2. g4 e6 3. gxf5 exf5 4. Bg2 d5 5. Nf3 Nf6 6. Bg5 Be7 7. Nc3 c6 8. Bxf6 Bxf6 9. Qd2 0-0 10. h4 b5 11. h5 h6 12. Ne5 Bb7 13. 0-0-0 a5 14. Rdg1 Bg5 15. f4 Bf6 16. Bf3 a4 17. Rg6 b4 18. Nb1 b3 19. axb3 axb3 20. cxb3 Ra1 21. Rhg1 Kh7 22. Qc2 Bc8 23. e3 Bxe5 24. fxe5 Ra7 25. Qg2 Rff7 26. Bd1 Qf8 27. Bc2 Kh8 28. e6 Rf6 29. Rxf6 Qxf6 30. Qg6 Qxe6 31. Qxe6 Bxe6 32. Rg6 Re7 33. Kd2 Nd7 34. Rg1 Nf6 35. Rh1 Ng4 36. Nc3 Bd7 37. Re1 Kg8 38. Na4 Kf7 39. Nc5 Bc8 40. b4 Kf6 41. b5 cxb5 42. Bb3 Kg5 43. Bxd5 Kxh5 44. Nd3 Kg5 45. Nf4 Bd7 46. Bf3 Be8 47. Nd5 Ra7 48. Nf4 h5 49. Rc1 Kh6 50. Rc8 Re7 51. Bxg4 fxg4 52. d5 g5 53. Ne6 g3 54. Ke2 g4 55. Kf1 h4 56. Kg2 Kg6 57. e4 Kf6 58. Nc5 Bg6 59. d6 Bxe4+ 60. Nxe4+ Rxe4 61. d7 Re2+ 62. Kf1 Rd2 63. d8Q+ Rxd8 64. Rxd8 h3 65. Rd5 g2+ 66. Kg1 b4 67. Rb5 Kg6 68. Rxb4 Kg5 69. Rc4 Kh4 70. b4 Kg3 71. Rc3+ Kh4 72. b5 1-0